| 000 | 00731nab a2200217 4500 | ||
|---|---|---|---|
| 001 | 90031 | ||
| 003 | OSt | ||
| 005 | 20230511134514.0 | ||
| 007 | tu | ||
| 008 | 110905s2000||||||| | ||
| 040 |
_aDE-2950 _cDE-2950 |
||
| 245 | 0 | 0 |
_aDie Anfänge der Halben Stadt. _bDDR. Das Neubaugebiet in Frankfurt war einst Vorzeigeprojekt. Eine Ausstellung blickt nun auf seine Geschichte - und erzählt von den Anfängen des Quartiers./ _cChristina Flöhr |
| 264 | _c2023 | ||
| 653 | _aFrankfurt (Oder) | ||
| 653 | _aHalbe Stadt | ||
| 653 | _aAusstellung | ||
| 653 | _aDeutschland <DDR> / Baugeschichte | ||
| 653 | _aArchitektur | ||
| 773 | 0 |
_g34. Jahrgang (2023) Nr. 101, 02.05.2023, S. 14: mit Foto _tMärkische Oderzeitung |
|
| 942 |
_2z _cA |
||
| 999 |
_c372425 _d372425 |
||